| 000 | 00719nam a2200205 4500 | ||
|---|---|---|---|
| 005 | 20260615164258.0 | ||
| 010 | _aENG-148858 | ||
| 020 |
_a9789389934779 _c850.00 |
||
| 035 | _aEN-132390 | ||
| 037 | _bDBAD | ||
| 082 |
_a001.42 _21 |
||
| 245 |
_aFostering Multidisciplinary Research for Sustainability/ _cEdited By Santosh Dhar; Upinder Dhar [and] Aditi Veda |
||
| 260 |
_aNoida _bAllied publishers Pvt. Ltd _c2024 |
||
| 270 |
_aD-5,Sector-2, Nodia. _bNoida _e201301 _mdelhi.books@alliedpublishers.com |
||
| 300 |
_a246p _c25cm(hb) _bIndex |
||
| 700 |
_aDhar, Santosh _eEditor _989394 |
||
| 700 |
_aDhar, Upinder _eEditor |
||
| 700 |
_aVeda, Aditi _eEditor _989395 |
||
| 942 |
_2ddc _cEN _h001.42 _mFOS |
||
| 999 |
_c216670 _d216670 |
||